000 00746nam a22001937a 4500
003 0
005 20250120100607.0
008 151003b xxu||||| |||| 00| 0 eng d
050 _aPHS B 3147.H58
_b.B242 2015
100 _aBarcebal, Joaquin Alfonso S.
245 _aAdolf Hitler: the development of his psyche from childhood to dictatorship
_c Joaquin Alfonso S. Barcebal.
260 _aLas PiƱas, Philippines :
_bSouthville International School and Colleges,
_c2015.
300 _aiii, 28 p. :
_bill. ;
_c28 cm.
504 _aincludes bibliographical references.
600 _aHitler, Adolf
_dPsychological aspects.
650 _aDictatorship
_vPsychological analysis.
650 _aPersonality development
_vAdolf Hitler.
942 _2lcc
_cPASS
999 _c288798
_d288798